01140nam a2200277 a 450000100060000000300080000600500170001400800410003103500190007204000410009104100080013208200180014010000430015824501300020126000580033130000360038949000360042550000820046150400280054365000320057170000330060383000440063694200120068099900170069295201530070951391BD-RjUL20211209075643.0160830r19661963nyua b 001 0 eng c a(BD-RjUL)51511 aDLC/ICUcCGUdUKMdBD-RjULdEQObeng aeng0 a004bGRI 19661 aGruenberger, Fred,d1918-1998.915372310aIntroduction to electronic computers : bproblem solving with the IBM 1620 /cby Fred J. Gruenberger and Daniel D. McCracken. aNew York : bWiley and Sones, cc1963 [Printing 1966] avii, 170 p. : bill. ; c28 cm.1 aRand Corporation research study a"Each chapter was published by the Rand Corporation as an independent paper." aBibliography: p. 62-63. 0aIBM 1620 (Computer)91537241 aMcCracken, Daniel D.9153725 0aRand Corporation research study9129931 2ddccBK c51391d51391 00102ddc40708NFICaRUCLbRUCLcStackd1974-01-14eEuro Bangladesh News Aagencyg66.03l0o004 GRI 1966r2016-08-30 00:00:00tC-2w2016-08-30yBK